000 00747nam a22001937a 4500
005 20180507132116.0
010 _a1718EN-30 B-682028-050
020 _a9788126563319
_c499.00
035 _aB-682028-050
037 _bPragati
_adpl
082 _a005.5
100 _aWempen,Faithe
245 _aMicrosoft office 2016 at work For dummies /
_cby Faithe Wempen
260 _aNew Delhi
_bWiley India
_c2016
270 _a4435-36/7, Ansari Road, Daryaganj,
_bNew Delhi
_e110002
300 v _axi,452p.
_c23cm(pbk)
942 _2ddc
_cEN
_mWEM
_h005.5
999 _c146154
_d146154